5HLuxD.jpg

KING HENRY VIII SENIOR AND PRIMARY SCHOOL LIBRARY OPAC

Target your Maths year 5 / (Record no. 2871)

000 -LEADER
fixed length control field 00455nam a22001697a 4500
005 - DATE AND TIME OF LATEST TRANSACTION
control field 20230829114546.0
008 - FIXED-LENGTH DATA ELEMENTS--GENERAL INFORMATION
fixed length control field 230829b ||||| |||| 00| 0 eng d
020 ## - INTERNATIONAL STANDARD BOOK NUMBER
International Standard Book Number 9781906622299
040 ## - CATALOGING SOURCE
Transcribing agency KH8
082 ## - DEWEY DECIMAL CLASSIFICATION NUMBER
Classification number 510 PEA
100 ## - MAIN ENTRY--PERSONAL NAME
Personal name Pearce, Stephen
Relator term Author
245 ## - TITLE STATEMENT
Title Target your Maths year 5 /
Statement of responsibility, etc. Stephen Pearce
260 ## - PUBLICATION, DISTRIBUTION, ETC.
Place of publication, distribution, etc. Welwyn Garden City
Name of publisher, distributor, etc. Elmwood Education Limited,
Date of publication, distribution, etc. 2014
300 ## - PHYSICAL DESCRIPTION
Extent 22 cm
650 ## - SUBJECT ADDED ENTRY--TOPICAL TERM
Topical term or geographic name entry element mathematics
942 ## - ADDED ENTRY ELEMENTS (KOHA)
Source of classification or shelving scheme
Koha item type Teaching Resources
Holdings
Withdrawn status Lost status Source of classification or shelving scheme Damaged status Not for loan Collection code Permanent Location Current Location Shelving location Date acquired Full call number Barcode Date last seen Price effective from Koha item type
          Teaching Resources KH8 Primary School Library KH8 Primary School Library Staff Office 2023-08-29 510 PEA TRKHPL000004316 2023-08-29 2023-08-29 Teaching Resources

Powered By KH8 IT Dept